[Event "RUS-ch Blitz Women 2018"]
[Site "Sochi"]
[Date "2018.10.07"]
[Round "12"]
[White "Kashlinskaya, Alina"]
[Black "Diakonova, Ekaterina"]
[Result "1/2-1/2"]
[WhiteElo "2447"]
[BlackElo "2236"]
[Annotator "ChessBase"]
[PlyCount "80"]
[EventDate "2018.10.07"]
[EventType "swiss"]
[EventCountry "RUS"]
[SourceTitle "playchess.com"]
[Source "ChessBase"]
[SourceQuality "1"]
[TimeControl "180+2"]

1. d4 {[%emt 0:00:00]} Nf6 {[%emt 0:00:00]} 2. c4 {[%emt 0:00:00]} b6 {[%emt 0:00:00]} 3. f3 {[%emt 0:00:00]} Nc6 {[%emt 0:00:00]} 4. Nc3 {[%emt 0:00:10]} e5 {[%emt 0:00:01]} 5. d5 {[%emt 0:00:05]} Nb8 {[%emt 0:00:00]} 6. e4 a5 7. Bd3 {[%emt 0:00:25]} Na6 {[%emt 0:00:02]} 8. Nge2 {[%emt 0:00:04]} Bc5 {[%emt 0:00:01]} 9. Na4 {[%emt 0:00:07]} O-O {[%emt 0:00:04]} 10. Nxc5 {[%emt 0:00:02]} Nxc5 {[%emt 0:00:01]} 11. Bc2 {[%emt 0:00:20]} Ba6 {[%emt 0:00:20]} 12. b3 {[%emt 0:00:01]} d6 {[%emt 0:00:00]} 13. Be3 Nfd7 14. O-O {[%emt 0:00:08]} b5 {[%emt 0:00:01]} 15. cxb5 {[%emt 0:00:16]} Bxb5 {[%emt 0:00:01]} 16. Qd2 {[%emt 0:00:06]} Qe7 {[%emt 0:00:46]} 17. Rfc1 {[%emt 0:00:01]} Rfb8 {[%emt 0:00:05]} 18. Rab1 {[%emt 0:00:05]} Bxe2 {[%emt 0:00:13]} 19. Qxe2 {[%emt 0:00:02]} Na6 {[%emt 0:00:23]} 20. Bd3 {[%emt 0:00:04]} Ndc5 {[%emt 0:00:01]} 21. Bb5 {[%emt 0:00:03]} Rb6 {[%emt 0:00:12]} 22. Bxa6 {[%emt 0:00:14]} Rbxa6 {[%emt 0:00:01]} 23. Bxc5 {[%emt 0:00:01]} dxc5 {[%emt 0:00:01]} 24. Qe3 {[%emt 0:00:03]} a4 {[%emt 0:00:06]} 25. Qxc5 {[%emt 0:00:19]} Qxc5+ {[%emt 0:00:04]} 26. Rxc5 {[%emt 0:00:01]} axb3 {[%emt 0:00:01]} 27. axb3 {[%emt 0:00:03]} Ra2 {[%emt 0:00:08]} 28. Rxc7 {[%emt 0:00:07]} Rd2 {[%emt 0:00:02]} 29. Rbc1 {[%emt 0:00:07]} f5 {[%emt 0:00:04]} 30. b4 {[%emt 0:00:18]} Raa2 {[%emt 0:00:02]} 31. Rc8+ {[%emt 0:00:01]} Kf7 {[%emt 0:00:01]} 32. R8c7+ {[%emt 0:00:14]} Kg6 {[%emt 0:00:01]} 33. R1c6+ {[%emt 0:00:01]} Kh5 {[%emt 0:00:01]} 34. g4+ {[%emt 0:00:04]} Kh4 {[%emt 0:00:13]} 35. Rc1 {[%emt 0:00:14]} Rg2+ {[%emt 0:00:02]} 36. Kf1 {[%emt 0:00:02]} Raf2+ {[%emt 0:00:01]} 37. Ke1 {[%emt 0:00:00]} Re2+ {[%emt 0:00:01]} 38. Kd1 {[%emt 0:00:01]} Rd2+ {[%emt 0:00:00]} 39. Ke1 {[%emt 0:00:00]} Rge2+ {[%emt 0:00:08]} 40. Kf1 {[%emt 0:00:01]} Rf2+ {[%emt 0:00:01]} 1/2-1/2

[Event "RUS-ch Blitz Women 2018"]
[Site "Sochi"]
[Date "2018.10.07"]
[Round "12"]
[White "Bodnaruk, Anastasia"]
[Black "Vinokur, Yuliya"]
[Result "1-0"]
[WhiteElo "2423"]
[BlackElo "2170"]
[Annotator "TA"]
[PlyCount "127"]
[EventDate "2018.10.07"]
[EventType "swiss"]
[EventCountry "RUS"]
[SourceTitle "playchess.com"]
[Source "ChessBase"]
[SourceQuality "1"]

{[%evp 22,127,67,59,91,91,109,48,44,44,37,37,35,26,171,177,377,190,188,97,26,-40,42,39,86,86,72,51,62,23,60,-128,-12,-10,-8,-5,-11,-396,-401,-617,-625,-604,-606,-759,-740,-773,-654,-814,-813,-2406,-1918,-29950,-5297,-1920,-2043,-1761,-1293,-29970,-29974,-29971,-29975,-29975,-29976,-29976,-29977,-29977,-29977,-29962,-29963,-29956,-29962,-29943,-406,-364,515,492,472,460,448,444,437,422,413,397,352,314,875,900,479,373,279,0,278,0,0,0,268,0,1170,992,29983,29984,29984,29985,29985,29986,29986,29986]} 1. e4 {[%cal Be2e4,Be4e5][%mdl 32]} Nf6 2. e5 Nd5 3. d4 d6 4. Nf3 Bg4 5. Be2 e6 6. c4 Nb6 7. O-O Be7 8. Nc3 O-O 9. Be3 d5 10. c5 Bxf3 11. gxf3 {[%cal Bg2f3,Bf3f4][%mdl 32]} Nc8 12. b4 Bg5 {B05: Alekhine's Defence: 4 Nf3 Bg4} (12... c6 13. f4 f5 14. Kh1 b6 15. Rg1 g6 16. a4 a5 17. b5 bxc5 18. dxc5 Nd7 19. bxc6 Nxc5 20. Nb5 {1-0 (45) Lagno,K (2542)-Gaponenko,I (2404) Kharkov 2012}) 13. f4 $146 ({Predecessor:} 13. Qd2 f6 14. f4 Bh4 15. Bg4 f5 16. Be2 Ne7 17. b5 Nd7 18. a4 Rf7 19. a5 Nf8 20. Rab1 {½-½ (58) Hase,J (2430)-Bronstein,L (2380) Mar del Plata 1976}) 13... Bh6 14. Kh1 (14. f5 $1 $16) 14... Qh4 $14 {White is slightly better.} 15. Qd2 Ne7 16. Rg1 Nf5 17. Rg4 Qh3 (17... Qd8 $11 {and Black stays safe.}) 18. Rag1 $1 $18 Nc6 $2 {[#]} (18... f6) 19. b5 (19. R1g3 $142 $1 {[%mdl 512]} Nxg3+ 20. fxg3) 19... Na5 {White should prevent ...Nc4.} 20. Nd1 (20. Qd3 $18) 20... Nc4 $16 21. Qc1 (21. Qd3 $11) 21... Ncxe3 (21... Kh8 $1 $15) 22. fxe3 $14 a6 23. bxa6 bxa6 24. Qd2 a5 25. Qe1 Rab8 26. R4g3 $2 (26. R4g2 $14 {stays ahead.}) 26... Qh4 (26... Nxg3+ $17 27. Rxg3 Qf5) 27. R3g2 $11 Qxe1 28. Rxe1 Rb1 {Threatens to win with ...Nxe3!} 29. Kg1 $2 {[%mdl 8192] [#]} (29. Rgg1 $11) 29... Nxe3 $1 $19 {[%mdl 512]} 30. Nxe3 (30. Rf2 $142) 30... Rxe1+ 31. Kf2 Ra1 32. Kf3 Rxa2 33. Ng4 Kh8 34. Rg1 Rb8 35. Nxh6 gxh6 {[%mdl 4096] Endgame KRR-KRB} 36. Bd3 Ra3 (36... Rb3 $142 37. Rd1 Rxh2 38. c6 a4 39. Kg4 Rhb2 40. Bf1 a3 41. Bh3 a2 42. Rf1 Rb1 43. Rf3 Rg1+ 44. Bg2 Rxf3 45. Kxf3 a1=Q 46. f5 Qe1 47. f6 Qe4+ 48. Kg3 Rxg2+ 49. Kh3 Qg4#) 37. Ke3 Rbb3 38. Rd1 a4 39. Ke2 Rxd3 40. Rxd3 Rxd3 41. Kxd3 {KP-KP} Kg7 42. Kc3 Kg6 43. Kb4 Kf5 44. Kxa4 Ke4 45. Kb5 Kxd4 46. c6 h5 (46... Ke4 $142 47. Ka6 d4 48. Kb7 d3 49. Kxc7 d2 50. Kb7 d1=Q 51. c7 Qd5+ 52. Kb8 Qb5+ 53. Kc8 Qd5 54. h4 Kxf4 55. Kb8 Qxe5 56. h5 {[#]} Qxc7+ $1 {[%mdl 512]} 57. Kxc7 e5 58. Kd6 e4 59. Kc5 e3 60. Kb5 Ke4 61. Kb4 e2 62. Kc4 e1=Q 63. Kc5 Qc3+ 64. Kb5 Kd5 65. Kb6 Kd6 66. Kb5 Qb3+ 67. Ka5 Kc7 68. Ka6 Qb6#) 47. Ka6 {If White can now play Kb7 this consolidates a bit.} Kc5 $4 {[%mdl 8192]} (47... Ke3 $19 48. Kb7 d4 49. Kxc7 d3) 48. Kb7 $18 d4 49. Kxc7 d3 {Strongly threatening ...d2.} 50. Kb7 d2 51. c7 d1=Q {( -> ...Qb3+)} 52. c8=Q+ {KQ-KQ} Kb4 {And now ...Qf3+ would win.} 53. Qf8+ Kb3 $2 (53... Kc4) 54. Qxf7 Qd5+ 55. Kc7 Kc3 56. Qxh7 $2 ({Weaker is} 56. Qxh5 Kd2 $16) (56. Qd7 $18 {Hoping for Qxd5.} Qa5+ 57. Kd6 Qb4+ 58. Kxe6 Qxf4 59. Qc6+ (59. Qxh7 Qc4+ 60. Kf6 Qh4+ 61. Kf5 Qg4+ 62. Kf6 Qh4+ 63. Kf5 Qg4+ 64. Kf6 Qh4+ $11) 59... Kb4 60. Qd5) 56... Qc4+ $2 {[%mdl 8192]} (56... Qa5+ $11 57. Kb7 Qd5+ 58. Kc7 Qa5+ 59. Kc6 Qd5+ 60. Kc7) 57. Kd6 $2 (57. Kd7 $18) 57... Qd5+ $11 58. Kc7 Qc4+ $2 {[%mdl 8192]} (58... Qa5+ $11 {and Black has nothing to worry.} 59. Kb7 Qd5+ 60. Kb6 Qd4+ 61. Kb7 Qxf4) 59. Kd8 $2 (59. Kd7 $18) 59... Qd5+ $2 {[%mdl 8192]} (59... Qxf4 $11 60. Qxh5 Kd4) 60. Qd7 $18 Qa8+ 61. Qc8+ {White mates.} Qxc8+ 62. Kxc8 Kd4 63. Kd7 Kd5 64. Ke7 {Precision: White = 30%, Black = 40%.} 1-0

[Event "RUS-ch Blitz Women 2018"]
[Site "Sochi"]
[Date "2018.10.07"]
[Round "12"]
[White "Shuvalova, Polina"]
[Black "Gritsayeva, Oksana"]
[Result "1-0"]
[WhiteElo "2421"]
[BlackElo "2378"]
[Annotator "ChessBase"]
[PlyCount "119"]
[EventDate "2018.10.07"]
[EventType "swiss"]
[EventCountry "RUS"]
[SourceTitle "playchess.com"]
[Source "ChessBase"]
[SourceQuality "1"]
[TimeControl "180+2"]

1. e4 {[%emt 0:00:00]} c5 {[%emt 0:00:00]} 2. Nf3 {[%emt 0:00:00]} e6 {[%emt 0:00:00]} 3. c3 {[%emt 0:00:01]} d5 {[%emt 0:00:01]} 4. exd5 {[%emt 0:00:01]} Qxd5 {[%emt 0:00:02]} 5. d4 {[%emt 0:00:00]} Nf6 {[%emt 0:00:01]} 6. Na3 {[%emt 0:00:02]} cxd4 {[%emt 0:00:10]} 7. Nb5 {[%emt 0:00:07]} Qd8 {[%emt 0:00:03]} 8. Qxd4 {[%emt 0:00:05]} Qxd4 {[%emt 0:00:40]} 9. Nfxd4 {[%emt 0:00:02]} Na6 {[%emt 0:00:02]} 10. Be2 {[%emt 0:00:09]} Bc5 {[%emt 0:00:17]} 11. O-O {[%emt 0:00:04]} O-O {[%emt 0:00:05]} 12. Bg5 {[%emt 0:00:16]} Bd7 {[%emt 0:00:11]} 13. Bf3 {[%emt 0:00:17]} Bxd4 {[%emt 0:00:21]} 14. Nxd4 {[%emt 0:00:01]} Nc5 {[%emt 0:00:17]} 15. Rad1 {[%emt 0:00:14]} Rac8 {[%emt 0:00:21]} 16. Bxf6 {[%emt 0:00:13]} gxf6 {[%emt 0:00:01]} 17. b3 {[%emt 0:00:01]} b6 {[%emt 0:00:06]} 18. c4 {[%emt 0:00:03]} Rfd8 {[%emt 0:00:07]} 19. Rfe1 {[%emt 0:00:01]} Be8 {[%emt 0:00:06]} 20. g3 {[%emt 0:00:03]} Rd6 {[%emt 0:00:07]} 21. Nc2 {[%emt 0:00:41]} Rcd8 {[%emt 0:00:05]} 22. Nb4 {[%emt 0:00:11]} Kf8 {[%emt 0:00:11]} 23. Rxd6 {[%emt 0:00:09]} Rxd6 {[%emt 0:00:01]} 24. Rd1 {[%emt 0:00:01]} Ke7 {[%emt 0:00:07]} 25. Kg2 {[%emt 0:00:05]} f5 {[%emt 0:00:13]} 26. h4 {[%emt 0:00:08]} a5 {[%emt 0:00:07]} 27. Nc2 {[%emt 0:00:06]} Rxd1 {[%emt 0:00:03]} 28. Bxd1 {[%emt 0:00:00]} Kd6 {[%emt 0:00:05]} 29. Nd4 {[%emt 0:00:15]} Nd3 {[%emt 0:00:04]} 30. Bc2 {[%emt 0:00:14]} Nb4 {[%emt 0:00:03]} 31. Bb1 {[%emt 0:00:03]} Kc5 {[%emt 0:00:02]} 32. Ne2 {[%emt 0:00:04]} Bc6+ {[%emt 0:00:01]} 33. f3 {[%emt 0:00:01]} Bb7 {[%emt 0:00:02]} 34. Kf2 {[%emt 0:00:01]} Nc6 {[%emt 0:00:01]} 35. Ke3 {[%emt 0:00:02]} b5 {[%emt 0:00:03]} 36. cxb5 {[%emt 0:00:05]} Kxb5 {[%emt 0:00:00]} 37. Bd3+ {[%emt 0:00:02]} Kb4 {[%emt 0:00:02]} 38. Kd2 {[%emt 0:00:12]} Ka3 {[%emt 0:00:02]} 39. Nc3 {[%emt 0:00:03]} Nb4 {[%emt 0:00:04]} 40. Bc4 {[%emt 0:00:07]} Nxa2 {[%emt 0:00:03]} 41. Nxa2 {[%emt 0:00:02]} Kxa2 42. b4+ {[%emt 0:00:01]} Ka3 {[%emt 0:00:03]} 43. bxa5 {[%emt 0:00:01]} Kb4 {[%emt 0:00:01]} 44. a6 {[%emt 0:00:02]} Bxf3 {[%emt 0:00:02]} 45. Be2 {[%emt 0:00:04]} Ba8 {[%emt 0:00:02]} 46. Ke3 {[%emt 0:00:01]} Ka5 {[%emt 0:00:01]} 47. Kf4 {[%emt 0:00:01]} Kb6 {[%emt 0:00:02]} 48. Ke5 {[%emt 0:00:02]} Be4 {[%emt 0:00:03]} 49. Kf6 {[%emt 0:00:01]} Ka7 {[%emt 0:00:03]} 50. Kxf7 {[%emt 0:00:02]} e5 {[%emt 0:00:00]} 51. Kf6 {[%emt 0:00:01]} f4 {[%emt 0:00:01]} 52. g4 {[%emt 0:00:05]} f3 {[%emt 0:00:02]} 53. Bf1 {[%emt 0:00:01]} Bc6 {[%emt 0:00:03]} 54. Kxe5 {[%emt 0:00:02]} Bd7 {[%emt 0:00:01]} 55. Kf4 {[%emt 0:00:01]} Bc8 {[%emt 0:00:02]} 56. Kxf3 {[%emt 0:00:02]} Bxa6 {[%emt 0:00:03]} 57. Bxa6 {[%emt 0:00:02]} Kxa6 {[%emt 0:00:00]} 58. Kf4 {[%emt 0:00:01]} Kb6 {[%emt 0:00:01]} 59. Ke5 {[%emt 0:00:01]} Kc6 {[%emt 0:00:00]} 60. Ke4 {Kd5+} 1-0

[Event "RUS-ch Blitz Women 2018"]
[Site "Sochi"]
[Date "2018.10.07"]
[Round "12"]
[White "Ambartsumova, Karina"]
[Black "Voit, Daria"]
[Result "0-1"]
[WhiteElo "2379"]
[BlackElo "2352"]
[Annotator "ChessBase"]
[PlyCount "31"]
[EventDate "2018.10.07"]
[EventType "swiss"]
[EventCountry "RUS"]
[SourceTitle "playchess.com"]
[Source "ChessBase"]
[SourceQuality "1"]
[TimeControl "180+2"]

1. d4 {[%emt 0:00:00]} Nf6 {[%emt 0:00:00]} 2. Nf3 {[%emt 0:00:01]} e6 {[%emt 0:00:00]} 3. Bf4 {[%emt 0:00:10]} d5 {[%emt 0:00:18]} 4. e3 c5 5. c3 {[%emt 0:00:07]} Nc6 {[%emt 0:00:03]} 6. Nbd2 {[%emt 0:00:01]} Bd6 {[%emt 0:00:01]} 7. Bg3 {[%emt 0:00:04]} O-O {[%emt 0:00:01]} 8. Bb5 {[%emt 0:00:03]} a6 {[%emt 0:00:18]} 9. Bxc6 {[%emt 0:00:10]} bxc6 {[%emt 0:00:01]} 10. Qa4 {[%emt 0:00:02]} Bxg3 {[%emt 0:00:15]} 11. fxg3 {[%emt 0:00:01]} Qb6 {[%emt 0:00:01]} 12. h4 {[%emt 0:00:09]} Nd7 {[%emt 0:00:20]} 13. Qa3 {[%emt 0:00:50]} a5 {[%emt 0:00:50]} 14. O-O {[%emt 0:00:23]} Ba6 {[%emt 0:00:14]} 15. c4 {[%emt 0:00:01]} cxd4 {[%emt 0:00:12]} 16. Rfc1 {[%emt 0:00:25]} 0-1

[Event "RUS-ch Blitz Women 2018"]
[Site "Sochi"]
[Date "2018.10.07"]
[Round "12"]
[White "Vasilevich, Tatjana"]
[Black "Guseva, Marina"]
[Result "0-1"]
[WhiteElo "2360"]
[BlackElo "2292"]
[Annotator "ChessBase"]
[PlyCount "68"]
[EventDate "2018.10.07"]
[EventType "swiss"]
[EventCountry "RUS"]
[SourceTitle "playchess.com"]
[Source "ChessBase"]
[SourceQuality "1"]
[TimeControl "180+2"]

1. c4 {[%emt 0:00:00]} c6 {[%emt 0:00:00]} 2. Nf3 {[%emt 0:00:01]} d5 {[%emt 0:00:00]} 3. b3 {[%emt 0:00:01]} Bf5 {[%emt 0:00:04]} 4. g3 {[%emt 0:00:01]} e6 {[%emt 0:00:02]} 5. Bg2 {[%emt 0:00:01]} Nd7 {[%emt 0:00:02]} 6. O-O {[%emt 0:00:02]} h6 {[%emt 0:00:01]} 7. Bb2 {[%emt 0:00:01]} Ngf6 {[%emt 0:00:01]} 8. d3 {[%emt 0:00:02]} Be7 {[%emt 0:00:03]} 9. Nbd2 {[%emt 0:00:05]} O-O {[%emt 0:00:02]} 10. Re1 {[%emt 0:00:05]} Bh7 {[%emt 0:00:07]} 11. e4 {[%emt 0:00:01]} Nc5 {[%emt 0:00:07]} 12. Qc2 {[%emt 0:01:04]} dxe4 {[%emt 0:00:04]} 13. dxe4 {[%emt 0:00:04]} Qd3 {[%emt 0:00:33]} 14. Qc1 {[%emt 0:01:04]} Rad8 {[%emt 0:00:45]} 15. Bf1 {[%emt 0:00:03]} Qd7 {[%emt 0:00:03]} 16. Qc2 {[%emt 0:00:02]} Nd3 {[%emt 0:00:09]} 17. Bxd3 {[%emt 0:00:05]} Qxd3 {[%emt 0:00:01]} 18. Qc1 {[%emt 0:00:13]} Bb4 {[%emt 0:00:47]} 19. Bxf6 {[%emt 0:00:08]} gxf6 {[%emt 0:00:02]} 20. Rd1 {[%emt 0:00:04]} Bxe4 {[%emt 0:00:24]} 21. Nxe4 {[%emt 0:00:05]} Qxe4 {[%emt 0:00:12]} 22. Nh4 {[%emt 0:00:13]} Kg7 {[%emt 0:00:02]} 23. Qb2 {[%emt 0:00:04]} Rd3 {[%emt 0:00:05]} 24. a3 {[%emt 0:00:03]} Bc3 {[%emt 0:00:01]} 25. Qc2 {[%emt 0:00:03]} Rxd1+ {[%emt 0:00:03]} 26. Qxd1 {[%emt 0:00:02]} Bxa1 {[%emt 0:00:02]} 27. Qxa1 {[%emt 0:00:01]} Rd8 {[%emt 0:00:01]} 28. Ng2 {[%emt 0:00:05]} Qc2 {[%emt 0:00:04]} 29. Ne3 {[%emt 0:00:01]} Qxb3 {[%emt 0:00:02]} 30. Qf1 {[%emt 0:00:03]} Qd3 {[%emt 0:00:02]} 31. Qh3 {[%emt 0:00:02]} Qe4 {[%emt 0:00:02]} 32. Qh5 {[%emt 0:00:03]} Rd2 {[%emt 0:00:03]} 33. h4 {[%emt 0:00:05]} Rb2 {[%emt 0:00:02]} 34. Qd1 {[%emt 0:00:03]} Rb1 {[%emt 0:00:01]} 0-1

[Event "RUS-ch Blitz Women 2018"]
[Site "Sochi"]
[Date "2018.10.07"]
[Round "12"]
[White "Charochkina, Daria"]
[Black "Dordzhieva, Dinara"]
[Result "0-1"]
[WhiteElo "2344"]
[BlackElo "2340"]
[Annotator "ChessBase"]
[PlyCount "84"]
[EventDate "2018.10.07"]
[EventType "swiss"]
[EventCountry "RUS"]
[SourceTitle "playchess.com"]
[Source "ChessBase"]
[SourceQuality "1"]
[TimeControl "180+2"]

1. d4 {[%emt 0:00:00]} d5 {[%emt 0:00:00]} 2. c4 {[%emt 0:00:00]} e6 {[%emt 0:00:00]} 3. Nc3 {[%emt 0:00:01]} Nf6 {[%emt 0:00:01]} 4. cxd5 exd5 {[%emt 0:00:01]} 5. Bg5 {[%emt 0:00:02]} Be7 {[%emt 0:00:00]} 6. e3 {[%emt 0:00:01]} c6 {[%emt 0:00:02]} 7. Qc2 {[%emt 0:00:01]} Nbd7 {[%emt 0:00:02]} 8. Bd3 {[%emt 0:00:02]} Nh5 {[%emt 0:00:01]} 9. Bxe7 Qxe7 {[%emt 0:00:01]} 10. Nge2 {[%emt 0:00:16]} g6 {[%emt 0:00:01]} 11. O-O {[%emt 0:00:06]} O-O {[%emt 0:00:03]} 12. Rae1 {[%emt 0:00:01]} Nb6 {[%emt 0:00:11]} 13. Nc1 {[%emt 0:00:18]} Ng7 {[%emt 0:00:05]} 14. f3 {[%emt 0:00:03]} Qf6 {[%emt 0:00:34]} 15. Qf2 {[%emt 0:00:02]} Ne6 {[%emt 0:00:09]} 16. Nb3 {[%emt 0:00:28]} Re8 {[%emt 0:00:04]} 17. f4 {[%emt 0:00:11]} Ng7 {[%emt 0:00:12]} 18. e4 dxe4 {[%emt 0:00:07]} 19. Nxe4 {[%emt 0:00:03]} Qd8 {[%emt 0:00:00]} 20. Nbc5 {[%emt 0:00:23]} Nd5 {[%emt 0:00:01]} 21. Ng5 {[%emt 0:00:07]} Rxe1 {[%emt 0:00:22]} 22. Rxe1 b6 23. Nce4 {[%emt 0:00:20]} h6 {[%emt 0:00:01]} 24. Nf3 {[%emt 0:00:05]} Nxf4 {[%emt 0:00:05]} 25. Ne5 {[%emt 0:00:01]} Nge6 {[%emt 0:00:19]} 26. Nxc6 {[%emt 0:00:02]} Nxd3 {[%emt 0:00:38]} 27. Nxd8 {[%emt 0:00:01]} Nxf2 {[%emt 0:00:02]} 28. Nxf2 {[%emt 0:00:01]} Bd7 {[%emt 0:00:16]} 29. Nxe6 {[%emt 0:00:08]} Bxe6 {[%emt 0:00:01]} 30. a3 {[%emt 0:00:05]} Rd8 {[%emt 0:00:00]} 31. Rd1 {[%emt 0:00:01]} Bd5 {[%emt 0:00:02]} 32. Ng4 {[%emt 0:00:06]} Kg7 {[%emt 0:00:05]} 33. Ne3 {[%emt 0:00:01]} Be4 {[%emt 0:00:04]} 34. Kf2 {[%emt 0:00:25]} f5 {[%emt 0:00:01]} 35. g3 {[%emt 0:00:01]} Kf6 {[%emt 0:00:02]} 36. Nc4 {[%emt 0:00:04]} Rc8 {[%emt 0:00:06]} 37. Ne3 {[%emt 0:00:07]} Rd8 {[%emt 0:00:07]} 38. Nc4 {[%emt 0:00:10]} g5 {[%emt 0:00:01]} 39. Ke3 {[%emt 0:00:07]} Bd5 {[%emt 0:00:07]} 40. Ne5 {[%emt 0:00:06]} Rc8 {[%emt 0:00:00]} 41. Kd2 {[%emt 0:00:03]} f4 {[%emt 0:00:02]} 42. Rf1 {[%emt 0:00:07]} Kf5 {[%emt 0:00:02]} 0-1

[Event "RUS-ch Blitz Women 2018"]
[Site "Sochi"]
[Date "2018.10.07"]
[Round "12"]
[White "Belenkaya, Dina"]
[Black "Sukhareva, Evgeniya"]
[Result "0-1"]
[WhiteElo "2329"]
[BlackElo "2125"]
[Annotator "ChessBase"]
[PlyCount "110"]
[EventDate "2018.10.07"]
[EventType "swiss"]
[EventCountry "RUS"]
[SourceTitle "playchess.com"]
[Source "ChessBase"]
[SourceQuality "1"]
[TimeControl "180+2"]

1. e4 {[%emt 0:00:00]} g6 {[%emt 0:00:00]} 2. d4 {[%emt 0:00:02]} Bg7 {[%emt 0:00:00]} 3. Nc3 {[%emt 0:00:16]} d6 {[%emt 0:00:01]} 4. Nf3 {[%emt 0:00:06]} c6 {[%emt 0:00:02]} 5. a4 {[%emt 0:00:04]} Nf6 {[%emt 0:00:01]} 6. Be2 {[%emt 0:00:05]} O-O {[%emt 0:00:02]} 7. O-O Qc7 8. a5 {[%emt 0:00:09]} e5 {[%emt 0:00:01]} 9. dxe5 {[%emt 0:00:04]} dxe5 {[%emt 0:00:02]} 10. Bc4 {[%emt 0:00:07]} Nbd7 {[%emt 0:00:03]} 11. Qe2 {[%emt 0:00:02]} Nc5 {[%emt 0:00:02]} 12. h3 {[%emt 0:00:04]} Be6 {[%emt 0:00:02]} 13. Bxe6 {[%emt 0:00:02]} Nxe6 {[%emt 0:00:01]} 14. Be3 {[%emt 0:00:04]} Nf4 {[%emt 0:00:03]} 15. Qc4 {[%emt 0:00:04]} Rfd8 {[%emt 0:00:36]} 16. a6 {[%emt 0:00:34]} Ne8 {[%emt 0:00:13]} 17. axb7 {[%emt 0:00:20]} Qxb7 {[%emt 0:00:02]} 18. b3 {[%emt 0:00:05]} Nc7 {[%emt 0:00:26]} 19. Ra5 {[%emt 0:00:03]} Re8 {[%emt 0:00:15]} 20. Rfa1 {[%emt 0:00:04]} a6 {[%emt 0:00:02]} 21. Na4 {[%emt 0:00:10]} Nb5 {[%emt 0:00:15]} 22. Nc5 {[%emt 0:00:03]} Qc8 {[%emt 0:00:06]} 23. Rxa6 {[%emt 0:00:05]} Rxa6 {[%emt 0:00:03]} 24. Rxa6 {[%emt 0:00:02]} Bf8 {[%emt 0:00:28]} 25. Qa4 {[%emt 0:00:07]} Nxh3+ {[%emt 0:00:15]} 26. gxh3 {[%emt 0:00:20]} Qxh3 {[%emt 0:00:01]} 27. Nh2 {[%emt 0:00:06]} Nc3 {[%emt 0:00:25]} 28. Qc4 {[%emt 0:00:04]} Nd1 {[%emt 0:00:13]} 29. Nd7 {[%emt 0:00:23]} Qxd7 {[%emt 0:00:05]} 30. Qe2 {[%emt 0:00:10]} Nxe3 {[%emt 0:00:03]} 31. fxe3 {[%emt 0:00:01]} Rd8 {[%emt 0:00:04]} 32. Nf1 {[%emt 0:00:03]} h5 {[%emt 0:00:01]} 33. Ra5 {[%emt 0:00:07]} Qe7 {[%emt 0:00:02]} 34. Ra6 {[%emt 0:00:06]} Qf6 {[%emt 0:00:03]} 35. Qf2 {[%emt 0:00:04]} Qe6 {[%emt 0:00:01]} 36. Rb6 {[%emt 0:00:03]} Bc5 {[%emt 0:00:02]} 37. Rb7 {[%emt 0:00:01]} Bf8 {[%emt 0:00:03]} 38. c4 {[%emt 0:00:01]} Rd1 {[%emt 0:00:04]} 39. Qf3 {[%emt 0:00:03]} Rd3 {[%emt 0:00:01]} 40. Rb8 {[%emt 0:00:02]} Kg7 {[%emt 0:00:02]} 41. Rb7 {[%emt 0:00:01]} Bc5 {[%emt 0:00:01]} 42. Kf2 {[%emt 0:00:02]} Rc3 {[%emt 0:00:01]} 43. Kg2 {[%emt 0:00:02]} Rc2+ {[%emt 0:00:01]} 44. Kg1 {[%emt 0:00:01]} Ba3 {[%emt 0:00:04]} 45. Rc7 {[%emt 0:00:03]} Be7 {[%emt 0:00:01]} 46. Rb7 {[%emt 0:00:01]} Bg5 {[%emt 0:00:01]} 47. Rc7 {[%emt 0:00:02]} Bh4 {[%emt 0:00:01]} 48. Rb7 {[%emt 0:00:04]} Bf2+ {[%emt 0:00:02]} 49. Kh1 {[%emt 0:00:01]} Be1 {[%emt 0:00:01]} 50. Ra7 {[%emt 0:00:02]} Rf2 {[%emt 0:00:02]} 51. Qg3 {[%emt 0:00:03]} Rxf1+ {[%emt 0:00:01]} 52. Kg2 {[%emt 0:00:01]} Bxg3 {[%emt 0:00:02]} 53. Kxf1 {[%emt 0:00:02]} Qh3+ {[%emt 0:00:01]} 54. Ke2 {[%emt 0:00:01]} Qg2+ {[%emt 0:00:01]} 55. Kd3 {[%emt 0:00:01]} Be1 {[%emt 0:00:02] Kd4} 0-1

[Event "RUS-ch Blitz Women 2018"]
[Site "Sochi"]
[Date "2018.10.07"]
[Round "12"]
[White "Protopopova, Anastasiya"]
[Black "Vasilevich, Irina"]
[Result "0-1"]
[WhiteElo "2308"]
[BlackElo "2160"]
[Annotator "ChessBase"]
[PlyCount "59"]
[EventDate "2018.10.07"]
[EventType "swiss"]
[EventCountry "RUS"]
[SourceTitle "playchess.com"]
[Source "ChessBase"]
[SourceQuality "1"]
[TimeControl "180+2"]

1. d4 {[%emt 0:00:00]} e6 {[%emt 0:00:00]} 2. c4 {[%emt 0:00:02]} Bb4+ {[%emt 0:00:00]} 3. Nd2 {[%emt 0:00:04]} f5 {[%emt 0:00:01]} 4. g3 {[%emt 0:00:03]} Nf6 {[%emt 0:00:02]} 5. Bg2 {[%emt 0:00:02]} O-O {[%emt 0:00:02]} 6. Ngf3 {[%emt 0:00:03]} d6 {[%emt 0:00:03]} 7. O-O {[%emt 0:00:05]} Bxd2 {[%emt 0:00:02]} 8. Qxd2 {[%emt 0:00:06]} Nbd7 {[%emt 0:00:08]} 9. b3 {[%emt 0:00:03]} Qe8 {[%emt 0:00:03]} 10. Bb2 {[%emt 0:00:03]} a5 {[%emt 0:00:13]} 11. Rac1 {[%emt 0:00:42]} e5 {[%emt 0:00:26]} 12. dxe5 {[%emt 0:00:07]} dxe5 {[%emt 0:00:01]} 13. Ba3 {[%emt 0:00:07]} c5 {[%emt 0:00:07]} 14. Ne1 {[%emt 0:00:25]} Ra7 {[%emt 0:00:10]} 15. Nd3 {[%emt 0:00:36]} b6 {[%emt 0:00:02]} 16. Bb2 {[%emt 0:00:13]} Bb7 {[%emt 0:00:21]} 17. Bxb7 {[%emt 0:00:12]} Rxb7 {[%emt 0:00:01]} 18. Nxe5 {[%emt 0:00:14]} Nxe5 {[%emt 0:00:10]} 19. Qd6 {[%emt 0:00:04]} Nf7 {[%emt 0:00:33]} 20. Qd3 {[%emt 0:00:02]} Qe4 {[%emt 0:00:05]} 21. Qc3 {[%emt 0:00:05]} Rd7 {[%emt 0:00:09]} 22. Rcd1 {[%emt 0:00:08]} Rfd8 {[%emt 0:00:01]} 23. Rxd7 Rxd7 {[%emt 0:00:01]} 24. e3 {[%emt 0:00:12]} Qd3 {[%emt 0:00:06]} 25. Qc1 {[%emt 0:00:02]} Ng5 {[%emt 0:00:14]} 26. f4 {[%emt 0:00:06]} Nge4 {[%emt 0:00:03]} 27. Qa1 {[%emt 0:00:03]} Qxe3+ {[%emt 0:00:03]} 28. Kh1 {[%emt 0:00:01]} Rd2 {[%emt 0:00:08]} 29. Bc1 {[%emt 0:00:05]} Nf2+ {[%emt 0:00:12]} 30. Kg1 {[%emt 0:00:05]} 0-1